000 00369nam a2200145Ia 4500
008 090124s9999 xx 000 0 und d
082 _b301537
245 _a इंद्रधनू
250 _a1
260 _bनरवणे सुधा
_c1985
300 _a162
630 _a इंद्रधनू
730 _a इंद्रधनू
942 _cBOOK
999 _c191112
_d191112